Ecological genomics (Record no. 1237469)

MARC details
000 -LEADER
fixed length control field 00670nam a2200229Ia 4500
005 - DATE AND TIME OF LATEST TRANSACTION
control field 20250117103450.0
008 - FIXED-LENGTH DATA ELEMENTS--GENERAL INFORMATION
fixed length control field 008 250103s9999 xx 000 0 eng d
020 ## - INTERNATIONAL STANDARD BOOK NUMBER
International Standard Book Number 9789402401073
037 ## - SOURCE OF ACQUISITION
Stock number Textbook
040 ## - CATALOGING SOURCE
Original cataloging agency CSL
Language of cataloging eng
Transcribing agency CSL
041 ## - LANGUAGE CODE
Language code of text/sound track or separate title eng
Source of code eng
084 ## - COLON CLASSIFICATION NUMBER
Classification number G116 Q4
Assigning agency CSL
100 ## - MAIN ENTRY--PERSONAL NAME
Personal name Landry, Christian R
9 (RLIN) 731190
245 #0 - TITLE STATEMENT
Title Ecological genomics
Statement of responsibility, etc. Landry, Christian R
260 ## - PUBLICATION, DISTRIBUTION, ETC.
Place of publication, distribution, etc. London
Name of publisher, distributor, etc. Springer
Date of publication, distribution, etc. 2014
300 ## - PHYSICAL DESCRIPTION
Extent vi,359p. Col.ill.
650 ## - SUBJECT ADDED ENTRY--TOPICAL TERM
Topical term or geographic name entry element Ecological epigenetics
9 (RLIN) 733235
650 ## - SUBJECT ADDED ENTRY--TOPICAL TERM
Topical term or geographic name entry element Recent advances in ecological genomics
9 (RLIN) 733236
650 ## - SUBJECT ADDED ENTRY--TOPICAL TERM
Topical term or geographic name entry element Botany
942 ## - ADDED ENTRY ELEMENTS (KOHA)
Koha item type Textbook
Classification part G116 Q4
Holdings
Withdrawn status Lost status Damaged status Not for loan Home library Current library Date acquired Source of acquisition Inventory number Total Checkouts Full call number Barcode Date last seen Price effective from Koha item type
        Central Science Library Central Science Library 2025-01-17 The Book Seller 00074, 09/02/2023   G116 Q4 SL1655417 2025-01-17 2025-01-17 Textbook
Copyright @ Delhi University Library System